000
00314nam a22001457a 4500
008
230830b ||||| |||| 00| 0 eng d
020
_a
9780970639462
041
_a
eng
080
_a
7
082
_a
7
100
_a
19
101
_a
ART
245
_a
THE OCTOBER CYCLE 2000-2002
_c
SIEDELL.A.D
942
_2
udc
_c
BK
999
_c
60207
_d
60207